02453agaaa2200301 45000010005000000030009000050050017000140070009000310080040000400400023000800410013001031000045001161300023001612450169001842500022003532600131003753000033005065080192005395110090007315201003008215380016018245460013018406500056018537000058019097000068019677000057020357000059020925960IT-RoPAU20220918181226.0d cvaizq50131s9999||||xx ||| | || ||und|| aIT-RoPAUcIT-RoPAU aITALIANO aWiner HarrygCodice regista SPICS: 52261 aGEREMIA IL PROFETA aGEREMIA IL PROFETAcProdotto da: Lux Vide -- Sceneggiatura: Pagano G. Winer H. -- Diretto da: Winer HarrypGEREMIA IL PROFETA (Rif. Codice opera principale : F5960) aEdizione Standard aMILANO (ITALIA)bAUDIOVISIVI SAN PAOLO / Distribuzione: AUDIOVISIVI SAN PAOLOg"1998 (1° ed.: 1998 ; Ed. Lingua Orig.: 1998)" aVHSbsonoro, col.c92 minuti a"Fotografia: Mertes Raffaele; Montaggio: Simmons David; Musica: Broughton Bruce; Sceneggiatura: Pagano G. Winer H.; Scenografia: Biagetti Paolo; Soggetto: Winer Harry -- Pagano Gianmario" a"Dempsey Patrick; Brandauer Klaus; M.; Occhipinti Andrea; Zagaria Anita; Fantasia F." aLE STORIE DELLA BIBBIA. LA STORIA DEL PROFETA GEREMIA E' UNA DELLE PIU' TORMENTATE VICENDE PERSONALI NARRATE DALL'ANTICO TESTAMENTO. EGLI SVOLGE IL SUO MINISTERO PROFETICO IN UNA SITUAZIONE POLITICA ESTREMAMENTE INCERTA, MENTRE IL PICCOLO REGNO DI GIUDA SI TROVA SCHIACCIATO TRA LE PODEROSE SOPINTE DELLE SUPERPOTENZE BABILONESE ED EGIZIANA. SCELTO DA JAHVE' PER ESSERE SUO PORTAVOCE, GEREMIA SENTE COME UN PESO IL RUOLO DEL PROFETA SCOMODO E FA DI TUTTO PER RIFUTARE L'INCARICO. MA DIO NON GLI DA' SCAMPO: IL PROFETA DEVE ANNUNCIARE LA PROSSIMA DISTRUZIONE DI GERUSALEMME E LA DEPORTAZIONE DEL POPOLO IN BABILONIA. PER QUESTO MOTIVO GEREMIA E' PERSEGUITATO COME UN TRADITORE DALLA CLASSE POLITICA E DAI SACERDOTI DEL TEMPIO. IMPRIGIONATO PIU' VOLTE, TORTURATO, GEREMIA NON SMETTE MAI DI RICHIAMARE IL POPOLO E IL RE ALLA FIDUCIA IN JAHVE'. NEL MOMENTO PIU' DRAMMATICO DELLA SUA VITA, DAVANTI AL TEMPIO IN ROVINA, CHE EGLI PROFETIZZA LA RICOSTRUZIONE DELLA CASA DI DIO DENTRO IL CUORE DI OGNI UOMO. aPAL, STEREO aITALIANO aDRAMMATICOeFILMS [VHS]xCodice MATERIA SPICS: 9960 aBroughton Brucee(musica)gCodice Musica SPICS: 46289 aPagano Gianmario e(soggetto)gCodice Soggetto 2° SPICS: 52262 aWiner Harry e(regista)gCodice regista SPICS: 52261 aWiner Harry e(soggetto)gCodice Soggetto SPICS: 52261